| 000 | 00984nam a22002657a 4500 | ||
|---|---|---|---|
| 005 | 20160328101338.0 | ||
| 010 | _a1516EN07 ENG-114774 | ||
| 020 |
_a9781780937106 _c399.00 |
||
| 035 | _aEN-98306 | ||
| 035 | _aB-598651-664 | ||
| 037 |
_adpl _bAsian/Ven |
||
| 037 | _bDBAD/PUB | ||
| 082 | _a808.3 | ||
| 100 | _aGunesekera, Romesh | ||
| 245 |
_aNovel writing / _cby Romesh Gunesekera [and] A.L.Kennedy |
||
| 260 |
_aLondon _bBloomsbury Publishing _c2015 |
||
| 270 |
_a50 Bedford Square _bLondon _eWC1B 3DP |
||
| 300 |
_axiv,223p. _c20cm(pbk) |
||
| 490 | _aA writers' and artists' companion ; edited by Carole Angier [and] Sally Cline | ||
| 500 | _aIncludes bibliographical references and index | ||
| 650 |
_aFiction _xAuthorship. |
||
| 700 | _aKennedy, A.L. | ||
| 942 |
_2ddc _cEN _mGUN _h808.3 |
||
| 999 |
_c96179 _d96179 |
||